|
|
|
|
| LEADER |
00000nam a2200000 a 4500 |
| 001 |
vtls001090056 |
| 003 |
SK-MaSNL |
| 005 |
20260302030858.0 |
| 008 |
240314s1996 xo a r y slo |
| 015 |
|
|
|a SNBA1996/0601580
|
| 020 |
|
|
|a 8071641308
|c (150 výt.)
|
| 035 |
|
|
|a SNK000032898
|
| 035 |
|
|
|a urn:nbn:sk:snk-amlk4g
|
| 035 |
|
|
|a urn:nbn:sk:snk-am00bqqu
|
| 035 |
|
|
|a 23DBA5F0-F0CC-4C27-B276-21DB3CFF026A
|
| 040 |
|
|
|a SNK
|b slo
|c SNK
|e AACR2
|
| 041 |
0 |
|
|a slo
|
| 044 |
|
|
|a xo
|c SK
|
| 080 |
|
|
|a 82:929:885.4(072)
|2 1981
|
| 080 |
|
|
|a 885.4:929(072)
|2 1981
|
| 080 |
|
|
|a 929 Karvaš, Peter
|2 1981
|
| 080 |
|
|
|a 885.4-2
|2 1981
|
| 100 |
1 |
|
|a Krnová, Kristína,
|d 1952-
|4 aut
|9 7150
|
| 245 |
1 |
0 |
|a Osobnosť a dielo Petra Karvaša
|c Kristína Krnová
|
| 250 |
|
|
|a 2. vyd.
|
| 260 |
|
|
|a Bratislava
|b Metodické centrum mesta Bratislavy
|c 1996
|
| 300 |
|
|
|a 47 s.
|c 30 cm
|
| 504 |
|
|
|a Bibliogr. s. 47
|
| 600 |
1 |
|
|a Karvaš, Peter,
|d 1920-1999
|2 SNK
|9 103066
|
| 650 |
0 |
7 |
|a literatúra slovenská
|x hry divadelné
|2 SNK
|9 289338
|
| 650 |
0 |
7 |
|a hry divadelné
|x literatúra slovenská
|2 SNK
|9 678029
|
| 655 |
|
7 |
|a príručky
|2 SNK
|9 74364
|
| 919 |
|
|
|a 80-7164-130-8
|
| 958 |
|
|
|a RM
|
| 958 |
|
|
|a LX
|
| 958 |
|
|
|a NB
|
| 999 |
|
|
|c 1049612
|d 1051542
|
| 952 |
|
|
|t P60, <03>, [BOOK], {603}
|a SNK
|b SNK
|y PREZ
|7 0
|p 17A0002226
|o snkSB 55345
|i snkKSP 3438/96
|0 0
|1 0
|4 0
|d 1996-04-09
|f 1
|l 0
|r 2016-12-31 00:00:00
|w 2026-02-24
|
| 952 |
|
|
|t P60, <04>, [BOOK], {604}
|a SNK
|b SNK
|y VYP
|7 0
|p 17A0002227
|o snkSB 55345 D1
|i snkKSP 3439/96
|0 0
|1 0
|4 0
|d 1996-04-09
|l 0
|r 2004-12-31 00:00:00
|w 2026-02-24
|
| 952 |
|
|
|t P60, <09>, [BOOK], {629}
|a SNK
|b SNK
|y NEVYP
|7 0
|o snkB 393
|i snk1316/960410
|0 0
|1 0
|4 0
|d 1996-04-09
|l 0
|r 2004-12-31 00:00:00
|w 2026-02-24
|